| 000 | 00328nam a2200133Ia 4500 | ||
|---|---|---|---|
| 008 | 200615s9999||||xx |||||||||||||| ||und|| | ||
| 020 | _a9789386070173 | ||
| 082 |
_a621.3 _bELE-C |
||
| 100 | _aC.L.WADHWA | ||
| 245 | 0 | _aELECTRICAL POWER SYSTEM | |
| 250 | _a7TH | ||
| 260 |
_anew delhi _bNEW AGE INTERNATIONAL _c2017 |
||
| 942 | _cBK | ||
| 999 |
_c29516 _d29516 |
||